000 00704nam a22002177a 4500
003 OSt
005 20251009013519.0
008 251009b |||||||| |||| 00| 0 eng d
020 _a9786218179110
040 _aDWCL-Main lib
_cOC
082 _aFil. 378.8776 Y37m 2021
100 _aYeung, Mylene M.
245 _aMulticultural Diversity in Workplace/
_cMylene M. Yeung
260 _aManila, Philippines :
_bEDRIC Publishing House,
_cc2021.
300 _a106 pages :
_b Illustration ;
_c 25cm.
504 _aIncludes Bibliographical Change.
650 _a1. Diversity in the Workplace
650 _a2. Organizational Change
650 _a3. Personnel Management
942 _2ddc
_cBK - FIL
_kFil.
_n0
999 _c4732
_d4732